000 00614nam a2200169Ia 4500
008 090711s9999 xx 000 0 und d
082 _b2042
100 _aकुलकर्णी नीलांबरी
245 _aपहाटेSाी नाती
260 _bमहाराष्ट्र ग्रंथ भांडार
_c2001
300 _a140
600 _aकुलकर्णी नीलांबरी
630 _aपहाटेSाी नाती
700 _aकुलकर्णी नीलांबरी
730 _aपहाटेSाी नाती
942 _cBOOK
999 _c339094
_d339091